effects of herbiside on ir 66 rice variety in dry season at the royal university of agriculture ( ឥទ្ធិពថ្នាំសម្លាប់ស្មៅចង្រៃលើពូជស្រូវអ៊ីអ៊ែរ ៦៦ ក្នុងលក្ខខណ្ឌរដូវប្រាំង នៅសាកលវិទ្យាល័យភូមិន្ទកសិកម្ម) (Record no. 1230)

000 -LEADER
fixed length control field 00748nam a22001337a 4500
040 ## - CATALOGING SOURCE
Transcribing agency RUA
082 ## - DEWEY DECIMAL CLASSIFICATION NUMBER
Classification number AGR HEA 2012 B053 Or.1
100 ## - MAIN ENTRY--AUTHOR NAME
Personal name HEA, VUTHY.
245 ## - TITLE STATEMENT
Title effects of herbiside on ir 66 rice variety in dry season at the royal university of agriculture ( ឥទ្ធិពថ្នាំសម្លាប់ស្មៅចង្រៃលើពូជស្រូវអ៊ីអ៊ែរ ៦៦ ក្នុងលក្ខខណ្ឌរដូវប្រាំង នៅសាកលវិទ្យាល័យភូមិន្ទកសិកម្ម)
260 ## - PUBLICATION, DISTRIBUTION, ETC. (IMPRINT)
Place of publication Phnom Penh
Name of publisher RUA
Year of publication 2012
300 ## - PHYSICAL DESCRIPTION
Number of Pages xi, 58p.
Other physical details ill.
Dimensions 29cm.
856 ## - ELECTRONIC LOCATION AND ACCESS
Uniform Resource Identifier https://drive.google.com/file/d/17Csf03ua7vYaLMQFX5HujGrxdj_I_iA4/view?usp=sharing
942 ## - ADDED ENTRY ELEMENTS (KOHA)
Koha item type AGR
952 ## - LOCATION AND ITEM INFORMATION (KOHA)
Withdrawn status [LOCAL, KOHA] 0
952 ## - LOCATION AND ITEM INFORMATION (KOHA)
Withdrawn status [LOCAL, KOHA] 0
952 ## - LOCATION AND ITEM INFORMATION (KOHA)
Withdrawn status [LOCAL, KOHA] 0
952 ## - LOCATION AND ITEM INFORMATION (KOHA)
Withdrawn status [LOCAL, KOHA] 0
952 ## - LOCATION AND ITEM INFORMATION (KOHA)
Withdrawn status [LOCAL, KOHA] 0
Holdings
Permanent Location Date acquired Koha item type Lost status Shelving location Barcode Current Location Full call number
Library Block B2015-09-25AGR B053RUA005983Library Block BAGR HEA 2012 B053 Or.1
Library Block B2015-09-25AGR B053RUA005404Library Block BAGR HEA 2012 B053 Or.2
Library Block B2015-09-27AGR B053RUA018779Library Block BAGR HEA 2012 B053 Or.3
Library Block B2016-01-26AGR B053RUA042491Library Block BAGR HEA 2012 B053 Or.4
Library Block B2016-01-26AGR B053RUA050916Library Block BAGR HEA 2012 B053 Or.5
មជ្ឈមណ្ឌលឯការនៃសាកលវិទ្យាល័យភូមិន្ទកសិកម្មចំការដូង

Powered by Koha